| 000 | 00408 a2200145 4500 | ||
|---|---|---|---|
| 999 |
_c321347 _d321347 |
||
| 001 | 86274 | ||
| 003 | NUST | ||
| 005 | 20180122104239.0 | ||
| 008 | 180122b xxu||||| |||| 00| 0 eng d | ||
| 020 | _a978-969-9556-01-2 | ||
| 082 | _a305.42 ASM | ||
| 100 |
_aAsma Aftab _99465 |
||
| 245 |
_aGender politics : falsifying reality, feminism: another perspective _cAsma Aftab _hEnglish |
||
| 250 | _a1st | ||
| 260 |
_aIslamabad _bEMEL Publications _c2011 |
||
| 300 | _aviii, 182 p. | ||
| 942 |
_acaenust _k305.42 ASM _cBK _2ddc |
||